| 000 | 00907nam a2200229Ii 4500 | ||
|---|---|---|---|
| 003 | JO-AjNU | ||
| 008 | 230605s9999||||xx |||||||||||||| ||und|| | ||
| 017 | _a2006/12/3401 | ||
| 020 | _a9957-16-124-5 | ||
| 040 |
_aJO-AjNU _bara _erda _cJO-AjNU |
||
| 041 | _aara | ||
| 050 | 1 | 4 | _aKMM937.F3962.2010 |
| 100 | 3 |
_a سامي ، فوزي محمد , _eauthor _925386 |
|
| 245 | 0 | 0 | _aشرح القانون التجاري : الجزء الاول - مصادر القانون التجاري - الأعمال التجارية - التاجر - المتجر - العقود التجارية - التجارة الإلكترونية |
| 250 | _aط1 | ||
| 264 | 3 | 1 | _aعمان : دار الثقافة ، 2009 |
| 300 | _aج1، 352ص | ||
| 336 |
_atext _btxt _2rdacontent |
||
| 337 |
_aunmediated _bn _2rdamedia |
||
| 338 |
_avolume _bnc _2rdacarrier |
||
| 650 | 4 |
_aالقانون التجاري -- التجارة _925387 |
|
| 999 |
_aA9488 _c13056 _d13056 |
||